000
00280nam a22001337a 4500
008
170127b xxu||||| |||| 00| 0 eng d
020
_a
017053020
041
_a
eng
080
_a
61
100
_a
3
101
_a
SHM
245
_a
HOME HEALTH HANDBOOK
_c
MOSER, M
942
_2
udc
_c
BK
999
_c
3903
_d
3903